000 00426nam a2200181Ia 4500
001 11231
005 20260306161931.0
008 260306t2010||||xx |||||||||||||| ||spa||
041 _aESP
082 _a985.019
_bP34
100 _aPease G. Y., Franklin
_eAUT
245 0 _aLas crónicas y los Andes
260 _c2010
300 _a618 páginas :
_c23 cm.
650 _aGEN
654 _aCHU
942 _cLIB
_dJUS
_fJUS
_2ddc
_n
999 _c11231
_d11231